[Event "Madrid-ch Previa-A"]
[Site "Madrid"]
[Date "2019.02.06"]
[Round "3"]
[White "Bellagamba, Pascal"]
[Black "Fernandez Aransay, Fernando"]
[Result "0-1"]
[WhiteElo "1649"]
[BlackElo "1869"]
[PlyCount "122"]
[EventDate "2019.02.04"]
[EventType "swiss"]
[EventRounds "9"]
[EventCountry "ESP"]
[SourceTitle "EXT 2021"]
[Source "ChessBase"]
[SourceDate "2020.10.23"]
[SourceVersion "1"]
[SourceVersionDate "2020.10.23"]
[SourceQuality "1"]

1. e4 c5 2. Nc3 d6 3. g3 g6 4. Bg2 Bg7 5. d3 Nf6 6. Nge2 0-0 7. 0-0 Nc6 8. h3 Nd4 9. Nxd4 cxd4 10. Ne2 Qb6 11. b3 Be6 12. Bb2 Nd7 13. Qd2 Rac8 14. Rac1 Rfe8 15. f4 Nc5 16. Ba1 Na6 17. a3 Nc7 18. Kh2 Nb5 19. a4 Nc3 20. Bxc3 dxc3 21. Qe1 Bd7 22. Qf2 Qxf2 23. Rxf2 h5 24. Rd1 a5 25. Ra1 b6 26. Rff1 e6 27. Rfd1 Bc6 28. d4 Bb7 29. e5 Bxg2 30. Kxg2 dxe5 31. dxe5 Red8 32. Rac1 Rd2 33. Kf3 Bf8 34. g4 hxg4+ 35. hxg4 Ba3 36. Rxd2 cxd2 37. Rd1 Rxc2 38. Ke3 Bb4 39. Kd3 Rc5 40. Ke3 Kg7 41. g5 Rc8 42. Ke4 Kf8 43. Ke3 Ke7 44. Ke4 Rc2 45. Kd3 Rc8 46. Ke3 Rh8 47. Kd3 Rh3+ 48. Kc2 Re3 49. Nd4 Kd7 50. Nb5 Rf3 51. Nd6 Rxf4 52. Nc4 Kc6 53. Nxd2 Rf2 54. Kd3 Rxd2+ 55. Rxd2 Bxd2 56. Kxd2 Kd5 57. Kc3 Kxe5 58. b4 Kd5 59. bxa5 bxa5 60. Kd3 e5 61. Ke3 e4 0-1

[Event "Madrid-ch Seniors 50"]
[Site "Madrid"]
[Date "2019.01.17"]
[Round "9"]
[White "Roldan Garcia, Angel"]
[Black "Bellagamba, Pascal"]
[Result "1-0"]
[WhiteElo "1812"]
[BlackElo "1640"]
[PlyCount "67"]
[EventDate "2019.01.07"]
[EventType "swiss"]
[EventRounds "9"]
[EventCountry "ESP"]
[SourceTitle "CBM 188 Extra"]
[Source "ChessBase"]
[SourceDate "2019.02.28"]
[SourceVersion "1"]
[SourceVersionDate "2019.02.28"]
[SourceQuality "1"]

1. e4 e5 2. Nf3 Nc6 3. Bb5 Nge7 4. 0-0 g6 5. c3 Bg7 6. d3 0-0 7. Re1 d6 8. h3 Bd7 9. Nbd2 f5 10. Bc4+ Kh8 11. Ng5 d5 12. exd5 Na5 13. d6 cxd6 14. Nf7+ Rxf7 15. Bxf7 d5 16. c4 Qf8 17. Bxd5 Nxd5 18. cxd5 b6 19. Nc4 Nb7 20. Nxe5 Bb5 21. d4 Nd6 22. a4 Be8 23. Bf4 Qg8 24. Nxg6+ hxg6 25. Bxd6 Qxd5 26. Be5 Bc6 27. f3 Rd8 28. Rc1 Rd7 29. Qc2 Bb7 30. Qc4 Qa5 31. Qe6 Qxa4 32. Qe8+ Kh7 33. Bxg7 Kxg7 34. Re7+ 1-0

[Event "Madrid-ch Seniors 50"]
[Site "Madrid"]
[Date "2019.01.15"]
[Round "7"]
[White "Bellagamba, Pascal"]
[Black "Garcia Galeote, Lorenzo"]
[Result "1-0"]
[WhiteElo "1640"]
[BlackElo "1895"]
[PlyCount "137"]
[EventDate "2019.01.07"]
[EventType "swiss"]
[EventRounds "9"]
[EventCountry "ESP"]
[SourceTitle "CBM 188 Extra"]
[Source "ChessBase"]
[SourceDate "2019.02.28"]
[SourceVersion "1"]
[SourceVersionDate "2019.02.28"]
[SourceQuality "1"]

1. Nf3 d6 2. e4 g6 3. d4 Bg7 4. Be3 a6 5. c3 Nf6 6. Nbd2 0-0 7. h3 b6 8. Bd3 Bb7 9. 0-0 c5 10. d5 e6 11. dxe6 fxe6 12. Qb3 d5 13. exd5 exd5 14. Be2 Nbd7 15. Rfe1 Re8 16. Rad1 Qc7 17. Bf1 Nh5 18. a3 Ndf6 19. g4 Rxe3 20. Rxe3 Nf4 21. Rde1 c4 22. Qc2 Bf8 23. Nd4 Bc5 24. Rf3 g5 25. Qf5 Qg7 26. Ne6 Qh6 27. Nxg5 Bd6 28. Rxf4 Bxf4 29. Qxf4 Rf8 30. Ne6 Qxf4 31. Nxf4 Nxg4 32. hxg4 Rxf4 33. f3 b5 34. Bg2 d4 35. cxd4 Rxd4 36. Nf1 a5 37. Re8+ Kf7 38. Re5 Bc6 39. Rc5 Bd7 40. Kf2 Rd3 41. Re5 Rb3 42. Re2 c3 43. bxc3 Rxa3 44. Rc2 b4 45. cxb4 axb4 46. f4 Bxg4 47. Bd5+ Ke7 48. Ne3 h5 49. Rb2 Be6 50. Bxe6 Kxe6 51. f5+ Kf6 52. Rxb4 Kg5 53. Kf3 Rd3 54. Rb6 h4 55. Rg6+ Kh5 56. Rg2 Ra3 57. Rh2 Kg5 58. Ke4 Ra4+ 59. Ke5 Ra8 60. Rg2+ Kh5 61. f6 Re8+ 62. Kf4 Ra8 63. Rg5+ Kh6 64. Nf5+ Kh7 65. Rg7+ Kh8 66. Nxh4 Ra4+ 67. Kg5 Rxh4 68. Rg6 Rh1 69. Rh6+ 1-0

[Event "Madrid-ch Seniors 50"]
[Site "Madrid"]
[Date "2019.01.07"]
[Round "1"]
[White "Lorenzo Bailador, Alfredo"]
[Black "Bellagamba, Pascal"]
[Result "1-0"]
[WhiteElo "2017"]
[BlackElo "1640"]
[PlyCount "91"]
[EventDate "2019.01.07"]
[EventType "swiss"]
[EventRounds "9"]
[EventCountry "ESP"]
[SourceTitle "CBM 188 Extra"]
[Source "ChessBase"]
[SourceDate "2019.02.28"]
[SourceVersion "1"]
[SourceVersionDate "2019.02.28"]
[SourceQuality "1"]

1. e4 e5 2. Nf3 Nc6 3. d4 exd4 4. Bc4 Be7 5. Nxd4 Nxd4 6. Qxd4 Bf6 7. Qd3 d6 8. Nc3 Ne7 9. 0-0 Be6 10. Nd5 Bxd5 11. exd5 0-0 12. c3 a6 13. Be3 Qd7 14. Bd4 Bxd4 15. Qxd4 Rae8 16. Rfe1 Ng6 17. Bf1 Re7 18. Rxe7 Nxe7 19. Re1 Ng6 20. Qa7 Qc8 21. Re3 Qa8 22. Qd4 Re8 23. h4 Rxe3 24. Qxe3 Nxh4 25. Qe7 Nf5 26. Qxc7 b5 27. Bd3 Qe8 28. Kf1 g6 29. Bxf5 gxf5 30. Qxd6 Qe4 31. Qg3+ Kf8 32. Qb8+ Kg7 33. Qg3+ Kf8 34. Qd6+ Kg7 35. Qg3+ Kf8 36. Qd6+ Kg7 37. Qg3+ Kf8 38. Qd6+ Kg7 39. Kg1 Qe1+ 40. Kh2 Qxf2 41. Qg3+ Qxg3+ 42. Kxg3 Kf6 43. Kf4 h5 44. g3 Ke7 45. b3 Kd6 46. c4 1-0

[Event "Madrid Chamartin op 7th"]
[Site "Madrid"]
[Date "2018.09.06"]
[Round "5"]
[White "Martinez Martinez, Antonio"]
[Black "Bellagamba, Pascal"]
[Result "0-1"]
[WhiteElo "1393"]
[BlackElo "1644"]
[PlyCount "80"]
[EventDate "2018.09.03"]
[EventType "swiss"]
[EventRounds "9"]
[EventCountry "ESP"]
[SourceTitle "CBM 187 Extra"]
[Source "ChessBase"]
[SourceDate "2018.11.04"]
[SourceVersion "1"]
[SourceVersionDate "2018.11.04"]
[SourceQuality "1"]

1. e4 d6 2. Nc3 e5 3. h3 Nf6 4. Nf3 c6 5. d3 Be7 6. b4 0-0 7. a4 Nbd7 8. a5 Qc7 9. Ne2 d5 10. exd5 Bxb4+ 11. c3 Bxa5 12. d6 Qd8 13. Qa4 Bb6 14. d4 Re8 15. Bb2 e4 16. Nd2 a6 17. Ng3 e3 18. fxe3 Rxe3+ 19. Kf2 Re8 20. Nf5 Nd5 21. c4 Qf6 22. Bd3 Nf4 23. Be4 Rxe4 24. Nxe4 Qxf5 25. Kg3 Nh5+ 26. Kh2 Qxe4 27. Rhe1 Qf4+ 28. Kg1 Bxd4+ 29. Bxd4 Qxd4+ 30. Kh2 Qxd6+ 31. Kg1 Qc5+ 32. Kh2 Nhf6 33. Qc2 Nb6 34. Qd3 Be6 35. Rad1 Re8 36. Qg3 Qxc4 37. Qd6 Nbd5 38. Rd2 Qf4+ 39. Qxf4 Nxf4 40. Kg3 N4d5 0-1

[Event "Madrid-ch Previa-A"]
[Site "Madrid"]
[Date "2018.02.12"]
[Round "4"]
[White "Bellagamba, Pascal"]
[Black "Diaz del Prado, Carlos"]
[Result "1-0"]
[WhiteElo "1605"]
[BlackElo "1302"]
[PlyCount "87"]
[EventDate "2018.02.05"]
[EventType "swiss"]
[EventRounds "9"]
[EventCountry "ESP"]
[SourceTitle "EXT 2020"]
[Source "ChessBase"]
[SourceDate "2019.10.17"]
[SourceVersion "1"]
[SourceVersionDate "2019.10.17"]
[SourceQuality "1"]

1. Nf3 d5 2. b3 Nf6 3. Bb2 e6 4. d3 Nbd7 5. Nbd2 c6 6. g3 Bd6 7. Bg2 0-0 8. 0-0 Re8 9. e4 e5 10. Re1 d4 11. Nc4 Bc7 12. a4 b5 13. axb5 cxb5 14. Ncd2 a6 15. h3 Nc5 16. Bc1 Be6 17. Ba3 Ncd7 18. Nf1 h6 19. g4 Nf8 20. Ng3 Ng6 21. Bc1 Ba5 22. Re2 Bc3 23. Rb1 Qc7 24. g5 hxg5 25. Nxg5 Bd7 26. Nf5 Rad8 27. Bf3 Bxf5 28. exf5 Nf4 29. Bxf4 exf4 30. Ne4 Qb6 31. b4 Re5 32. Nxc3 Rxf5 33. Ne4 Nxe4 34. Rxe4 Rg5+ 35. Kh2 Qf6 36. Qe2 Rg6 37. Re8+ Rxe8 38. Qxe8+ Kh7 39. Be4 f3 40. Bxg6+ Qxg6 41. Qe4 f5 42. Qh4+ Kg8 43. Qg3 Qf6 44. Qxf3 1-0

[Event "Madrid-ch Previa-A"]
[Site "Madrid"]
[Date "2018.02.07"]
[Round "3"]
[White "Fernandez Aransay, Fernando"]
[Black "Bellagamba, Pascal"]
[Result "1-0"]
[WhiteElo "1811"]
[BlackElo "1605"]
[PlyCount "29"]
[EventDate "2018.02.05"]
[EventType "swiss"]
[EventRounds "9"]
[EventCountry "ESP"]
[SourceTitle "EXT 2020"]
[Source "ChessBase"]
[SourceDate "2019.10.17"]
[SourceVersion "1"]
[SourceVersionDate "2019.10.17"]
[SourceQuality "1"]

1. e4 d6 2. d4 Nf6 3. Nc3 Nbd7 4. Be3 c6 5. f3 e5 6. Nge2 Be7 7. Qd2 0-0 8. g4 b5 9. Ng3 Nb6 10. dxe5 dxe5 11. Qxd8 Rxd8 12. a3 Be6 13. Nf5 Bxf5 14. gxf5 a6 15. Bxb6 1-0

[Event "Madrid-ch Seniors 50"]
[Site "Madrid"]
[Date "2018.01.15"]
[Round "6"]
[White "Bellagamba, Pascal"]
[Black "Rueda Maria, Ramiro"]
[Result "0-1"]
[WhiteElo "1596"]
[BlackElo "1827"]
[PlyCount "80"]
[EventDate "2018.01.08"]
[EventType "swiss"]
[EventRounds "9"]
[EventCountry "ESP"]
[SourceTitle "CBM 182 Extra"]
[Source "ChessBase"]
[SourceDate "2018.02.23"]
[SourceVersion "1"]
[SourceVersionDate "2018.02.23"]
[SourceQuality "1"]

1. Nf3 Nf6 2. b3 g6 3. Bb2 Bg7 4. e4 d6 5. d3 0-0 6. Nbd2 Nc6 7. g3 Bg4 8. h3 Bd7 9. Bg2 Qc8 10. c3 e5 11. g4 Re8 12. Qe2 d5 13. Nf1 dxe4 14. dxe4 Nd8 15. Bc1 Ne6 16. Qc2 Bc6 17. Ng3 Nf4 18. 0-0 Nxg2 19. Kxg2 Qe6 20. Be3 Rad8 21. Rad1 b6 22. Rd2 Rxd2 23. Nxd2 Rd8 24. Rd1 Qd7 25. f3 Qd3 26. Qxd3 Rxd3 27. Ngf1 Rxc3 28. Nc4 Ne8 29. Bc1 Bb5 30. Bb2 Rc2+ 31. Rd2 Rxd2+ 32. Nfxd2 f6 33. Ne3 Bh6 34. Kf2 Kf7 35. Nb1 Ke6 36. Nc3 Ba6 37. b4 c6 38. a3 Nd6 39. Ncd1 Bb5 40. Nc3 Bxe3+ 0-1

[Event "Madrid Chamartin op 6th"]
[Site "Madrid"]
[Date "2017.09.10"]
[Round "9"]
[White "Perdiguero Herreros, Alejandro"]
[Black "Bellagamba, Pascal"]
[Result "0-1"]
[WhiteElo "1263"]
[BlackElo "1653"]
[PlyCount "68"]
[EventDate "2017.09.04"]
[EventType "swiss"]
[EventRounds "9"]
[EventCountry "ESP"]
[SourceTitle "CBM 180 Extra"]
[Source "ChessBase"]
[SourceDate "2017.10.06"]
[SourceVersion "1"]
[SourceVersionDate "2017.10.06"]
[SourceQuality "1"]

1. e4 d6 2. Nf3 Nf6 3. Nc3 c6 4. Bc4 e5 5. 0-0 b5 6. Bb3 b4 7. Ne2 Nxe4 8. d3 Nf6 9. Ng5 d5 10. Ng3 h6 11. Nf3 Bd6 12. Re1 Qc7 13. Bf4 Bg4 14. Ba4 0-0 15. Bd2 e4 16. dxe4 Bxg3 17. e5 Bxe5 18. Rxe5 Bxf3 19. Qxf3 Qxe5 20. c3 a5 21. Re1 Qd6 22. Bf4 Qd8 23. Qg3 Nh5 24. Qe3 Nxf4 25. Qxf4 bxc3 26. bxc3 Re8 27. Re3 Rxe3 28. Qxe3 Ra6 29. Bc2 Rb6 30. Qd3 g6 31. Qh3 Kg7 32. Qd3 Qf6 33. Qe3 Rb2 34. Qc1 Qxc3 0-1

[Event "Madrid Chamartin op 6th"]
[Site "Madrid"]
[Date "2017.09.05"]
[Round "2"]
[White "Alvarez Serrano, Carlos"]
[Black "Bellagamba, Pascal"]
[Result "1-0"]
[WhiteElo "2212"]
[BlackElo "1653"]
[PlyCount "93"]
[EventDate "2017.09.04"]
[EventType "swiss"]
[EventRounds "9"]
[EventCountry "ESP"]
[SourceTitle "CBM 180 Extra"]
[Source "ChessBase"]
[SourceDate "2017.10.06"]
[SourceVersion "1"]
[SourceVersionDate "2017.10.06"]
[SourceQuality "1"]

1. d4 Nf6 2. Nf3 g6 3. c4 Bg7 4. g3 c6 5. Bg2 0-0 6. 0-0 d5 7. cxd5 cxd5 8. Nc3 Nc6 9. Ne5 e6 10. Nxc6 bxc6 11. Na4 Nd7 12. Be3 Rb8 13. Rc1 Qc7 14. b3 Bb7 15. Qd2 Rbc8 16. Rfd1 Qd6 17. Qa5 Qb8 18. Rc2 Bf6 19. Rdc1 Rfe8 20. Bh3 Bg7 21. Bf4 Qa8 22. Qd2 f5 23. e3 h6 24. Bg2 Bf8 25. h4 Kh7 26. Qd3 Ba3 27. Rb1 Be7 28. b4 g5 29. hxg5 hxg5 30. Be5 Nxe5 31. dxe5 Qb8 32. Qd4 Ba6 33. Nc5 Bxc5 34. Rxc5 Bc4 35. a4 a6 36. Bf1 Bxf1 37. Rxf1 Kg6 38. Rfc1 Qb7 39. Qc3 d4 40. exd4 Rh8 41. Rxc6 Rce8 42. Qf3 Qxb4 43. Qd5 Qd2 44. Rxe6+ Kh5 45. Qf3+ g4 46. Qxf5+ Qg5 47. Qf7+ 1-0

[Event "Madrid-ch Seniors 50"]
[Site "Madrid"]
[Date "2017.01.13"]
[Round "5"]
[White "Bellagamba, Pascal"]
[Black "Gonzalez Mateos, Rafael"]
[Result "0-1"]
[WhiteElo "1656"]
[BlackElo "1955"]
[PlyCount "68"]
[EventDate "2017.01.09"]
[EventType "swiss"]
[EventRounds "9"]
[EventCountry "ESP"]
[SourceTitle "CBM 176 Extra"]
[Source "ChessBase"]
[SourceDate "2017.03.02"]
[SourceVersion "1"]
[SourceVersionDate "2017.03.02"]
[SourceQuality "1"]

1. Nf3 d5 2. b3 c6 3. Bb2 Bf5 4. d3 Nd7 5. Nbd2 Ngf6 6. g3 h6 7. Bg2 e6 8. 0-0 Qc7 9. Re1 Be7 10. c4 dxc4 11. bxc4 e5 12. e4 Bh7 13. Nf1 0-0 14. Ne3 Rad8 15. Qc2 Rfe8 16. Red1 Bc5 17. Qc1 Qb6 18. Rb1 Bxe3 19. fxe3 Ng4 20. d4 Bxe4 21. c5 Qc7 22. Ra1 exd4 23. Bxd4 Bd5 24. Nh4 Bxg2 25. Kxg2 Nf8 26. Nf5 Ne6 27. Nd6 Re7 28. h3 Nxd4 29. exd4 Ne3+ 30. Kf2 Nxd1+ 31. Qxd1 Rxd6 32. cxd6 Qxd6 33. Rc1 Qe6 34. d5 Qxd5 0-1

[Event "Madrid-ch Seniors 50"]
[Site "Madrid"]
[Date "2017.01.11"]
[Round "3"]
[White "Bellagamba, Pascal"]
[Black "Hernandez Gutierrez, Jose"]
[Result "1-0"]
[WhiteElo "1656"]
[BlackElo "1816"]
[PlyCount "106"]
[EventDate "2017.01.09"]
[EventType "swiss"]
[EventRounds "9"]
[EventCountry "ESP"]
[SourceTitle "CBM 176 Extra"]
[Source "ChessBase"]
[SourceDate "2017.03.02"]
[SourceVersion "1"]
[SourceVersionDate "2017.03.02"]
[SourceQuality "1"]

1. Nf3 d5 2. b3 Bg4 3. Bb2 c5 4. d3 Bxf3 5. exf3 Nc6 6. f4 e6 7. Be2 Nf6 8. Nd2 Bd6 9. g3 Nd4 10. Bf1 0-0 11. Bg2 Rc8 12. c3 Nf5 13. 0-0 Qb6 14. Re1 Rfd8 15. Qe2 a5 16. Rad1 a4 17. Rb1 axb3 18. axb3 Ra8 19. Ra1 Ra6 20. Rxa6 bxa6 21. Bh3 Ne7 22. Ra1 a5 23. c4 d4 24. Bg2 Nc6 25. Bxc6 Qxc6 26. Rxa5 Ra8 27. Rxa8+ Qxa8 28. Qe1 Qa5 29. Kf1 Qa8 30. Kg1 Qa5 31. Qd1 Bc7 32. Nb1 Qa2 33. Qc2 Ba5 34. Na3 Bb4 35. Bc1 Qa1 36. Qb2 Qxa3 37. Qxa3 Bxa3 38. Bxa3 Nd7 39. b4 cxb4 40. Bxb4 Nb8 41. Kf1 Nc6 42. Bc5 f5 43. Ke2 h5 44. Kd2 Kf7 45. Kc2 Kf6 46. Bd6 g5 47. h3 g4 48. hxg4 hxg4 49. Kb3 Kf7 50. Ka4 Ke8 51. Kb5 Kd8 52. Be5 Na7+ 53. Kb4 Nc6+ 1-0

[Event "Madrid San Viator op-B 26th"]
[Site "Madrid"]
[Date "2016.05.29"]
[Round "8"]
[White "Bellagamba, Pascal"]
[Black "Urbelz Perez, Ignacio"]
[Result "1-0"]
[WhiteElo "1671"]
[BlackElo "1513"]
[PlyCount "45"]
[EventDate "2016.04.03"]
[EventType "swiss"]
[EventRounds "9"]
[EventCountry "ESP"]
[SourceTitle "EXT 2017"]
[Source "ChessBase"]
[SourceDate "2016.10.25"]
[SourceVersion "1"]
[SourceVersionDate "2016.10.25"]
[SourceQuality "1"]

1. Nf3 d5 2. b3 f5 3. Bb2 Nf6 4. d3 e6 5. Nbd2 Bd6 6. g3 0-0 7. Bg2 c6 8. 0-0 Bd7 9. c4 Be8 10. Rc1 Nbd7 11. a3 Rc8 12. Nd4 Qe7 13. Re1 Bh5 14. b4 a6 15. Qc2 f4 16. e4 dxc4 17. Qxc4 Bf7 18. Qc2 e5 19. Nf5 Qe6 20. Bh3 Kh8 21. Kg2 Bb8 22. Nxg7 Ng4 23. Nxe6 1-0

[Event "Madrid San Viator op-B 26th"]
[Site "Madrid"]
[Date "2016.05.22"]
[Round "7"]
[White "Simon Escalona, Irene"]
[Black "Bellagamba, Pascal"]
[Result "0-1"]
[WhiteElo "1423"]
[BlackElo "1671"]
[PlyCount "72"]
[EventDate "2016.04.03"]
[EventType "swiss"]
[EventRounds "9"]
[EventCountry "ESP"]
[SourceTitle "EXT 2017"]
[Source "ChessBase"]
[SourceDate "2016.10.25"]
[SourceVersion "1"]
[SourceVersionDate "2016.10.25"]
[SourceQuality "1"]

1. e4 Nf6 2. e5 Nd5 3. d4 d6 4. c4 Nb6 5. exd6 exd6 6. Nc3 Bf5 7. Be2 Be7 8. Nf3 Nc6 9. 0-0 Qd7 10. Be3 h6 11. b3 Bf6 12. Rc1 0-0-0 13. h3 Qe7 14. Bd3 Bd7 15. Ne4 g5 16. Nxf6 Qxf6 17. d5 Ne5 18. Nxe5 dxe5 19. a4 Kb8 20. a5 Nc8 21. b4 h5 22. Be2 Rdg8 23. f3 Qe7 24. c5 g4 25. fxg4 hxg4 26. Bxg4 Bxg4 27. hxg4 Qh4 28. d6 Rxg4 29. Qf3 cxd6 30. c6 Rhg8 31. Rf2 Rh8 32. Rff1 Rg3 33. Qxf7 Qh2+ 34. Kf2 Qxg2+ 35. Ke1 Rxe3+ 36. Kd1 Qe2# 0-1

[Event "Madrid-ch sf"]
[Site "Madrid"]
[Date "2016.02.22"]
[Round "7"]
[White "Cano Mercado, Francisco Manuel"]
[Black "Bellagamba, Pascal"]
[Result "1-0"]
[WhiteElo "1827"]
[BlackElo "1652"]
[PlyCount "77"]
[EventDate "2016.02.08"]
[EventType "swiss"]
[EventRounds "9"]
[EventCountry "ESP"]
[SourceTitle "CBM 171 Extra"]
[Source "ChessBase"]
[SourceDate "2016.04.26"]
[SourceVersion "1"]
[SourceVersionDate "2016.04.26"]
[SourceQuality "1"]

1. e4 Nf6 2. e5 Nd5 3. d4 d6 4. Nf3 Bg4 5. h3 Bh5 6. c4 Nb6 7. exd6 cxd6 8. Nc3 e6 9. Be3 Be7 10. Be2 N8d7 11. g4 Bg6 12. h4 h6 13. Qd2 Qc7 14. b3 f6 15. Rb1 a6 16. a4 Rd8 17. a5 Nc8 18. b4 e5 19. Nd5 Qb8 20. dxe5 dxe5 21. h5 Bf7 22. Nh4 Nd6 23. Nf5 Bf8 24. Rd1 Nxf5 25. gxf5 Rg8 26. Kf1 Qc8 27. Qd3 Qb8 28. Qe4 Qc8 29. Nf4 Bxb4 30. Ne6 Bxe6 31. fxe6 Nf8 32. Rxd8+ Kxd8 33. Bxh6 Nxe6 34. Be3 Bxa5 35. Qd5+ Ke7 36. Qxa5 Rd8 37. Qb4+ Kf7 38. h6 gxh6 39. Bh5+ 1-0

[Event "Madrid-ch sf"]
[Site "Madrid"]
[Date "2016.02.17"]
[Round "6"]
[White "Bellagamba, Pascal"]
[Black "Morona Minguez, Miguel"]
[Result "1-0"]
[WhiteElo "1652"]
[BlackElo "1927"]
[PlyCount "85"]
[EventDate "2016.02.08"]
[EventType "swiss"]
[EventRounds "9"]
[EventCountry "ESP"]
[SourceTitle "CBM 171 Extra"]
[Source "ChessBase"]
[SourceDate "2016.04.26"]
[SourceVersion "1"]
[SourceVersionDate "2016.04.26"]
[SourceQuality "1"]

1. Nf3 Nf6 2. b3 d5 3. Bb2 Bf5 4. d3 c6 5. g3 Nbd7 6. Bg2 e6 7. 0-0 Be7 8. Nbd2 h6 9. e3 0-0 10. Qe2 Qc7 11. Nh4 Bh7 12. f4 Rad8 13. Nhf3 Qb6 14. Kh1 Bc5 15. d4 Be7 16. c4 c5 17. Ne5 Nxe5 18. fxe5 Ne8 19. Rad1 Nc7 20. Rf2 Na6 21. e4 dxe4 22. d5 exd5 23. cxd5 Rxd5 24. Bxe4 Bxe4+ 25. Qxe4 Qc6 26. Rdf1 Nb4 27. Nc4 b5 28. Ne3 Rd7 29. Qxc6 Nxc6 30. Nf5 Rfd8 31. Nxg7 Bf8 32. e6 Rd2 33. exf7+ Kh7 34. Ne6 Rxf2 35. Rxf2 Rc8 36. Rf6 Ne7 37. h4 Nd5 38. Rf5 Ne3 39. Rf3 Nd5 40. Be5 c4 41. bxc4 bxc4 42. Nxf8+ Rxf8 43. Bd6 1-0

[Event "Madrid-ch sf"]
[Site "Madrid"]
[Date "2016.02.16"]
[Round "5"]
[White "Calvo de Castro, Miguel"]
[Black "Bellagamba, Pascal"]
[Result "1-0"]
[WhiteElo "1773"]
[BlackElo "1652"]
[PlyCount "51"]
[EventDate "2016.02.08"]
[EventType "swiss"]
[EventRounds "9"]
[EventCountry "ESP"]
[SourceTitle "CBM 171 Extra"]
[Source "ChessBase"]
[SourceDate "2016.04.26"]
[SourceVersion "1"]
[SourceVersionDate "2016.04.26"]
[SourceQuality "1"]

1. e4 Nf6 2. Nc3 d5 3. e5 Ne4 4. d4 Bf5 5. Qf3 Bg6 6. Bd3 Nxc3 7. Bxg6 hxg6 8. e6 fxe6 9. bxc3 Kd7 10. Qg4 Qe8 11. Nf3 Nc6 12. 0-0 Qf7 13. Re1 Qf5 14. Qg3 Rh5 15. Bf4 Rc8 16. Ng5 Nd8 17. Re2 c5 18. Rb1 b6 19. Rbe1 Rc6 20. Nf3 Ke8 21. Nh4 Qf7 22. Bg5 cxd4 23. cxd4 Rc4 24. Re3 Qg8 25. Rf3 Qh7 26. Qf4 1-0

[Event "Madrid San Viator op-B 25th"]
[Site "Madrid"]
[Date "2015.11.22"]
[Round "9"]
[White "Fogue Caro, David"]
[Black "Bellagamba, Pascal"]
[Result "0-1"]
[WhiteElo "1568"]
[BlackElo "1643"]
[PlyCount "62"]
[EventDate "2015.10.04"]
[EventType "swiss"]
[EventRounds "9"]
[EventCountry "ESP"]
[SourceTitle "EXT 2019"]
[Source "ChessBase"]
[SourceDate "2018.10.10"]
[SourceVersion "1"]
[SourceVersionDate "2018.10.10"]
[SourceQuality "1"]

1. c4 Nf6 2. Nc3 c6 3. g3 g6 4. Bg2 Bg7 5. Nf3 d6 6. 0-0 0-0 7. d3 e5 8. Rb1 h6 9. b4 Be6 10. Nd2 Qd7 11. Nde4 Nh7 12. b5 f5 13. bxc6 bxc6 14. Nd2 d5 15. cxd5 cxd5 16. Bb2 Nc6 17. Na4 Rac8 18. Nc5 Qf7 19. Nxe6 Qxe6 20. Qb3 Nf6 21. Nf3 Rb8 22. Qd1 Rb6 23. Qd2 Rfb8 24. Rfc1 d4 25. Ne1 e4 26. Rc2 Nd5 27. Rcc1 e3 28. Bxd5 Qxd5 29. fxe3 dxe3 30. Qxe3 Bxb2 31. Rd1 Bd4 0-1